5HLuxD.jpg

KING HENRY VIII SENIOR AND PRIMARY SCHOOL LIBRARY OPAC

Paddington : (Record no. 2453)

000 -LEADER
fixed length control field 01323cam a2200325 i 4500
001 - CONTROL NUMBER
control field (Sirsi) a1087485
003 - CONTROL NUMBER IDENTIFIER
control field OSt
005 - DATE AND TIME OF LATEST TRANSACTION
control field 20230602093322.0
008 - FIXED-LENGTH DATA ELEMENTS--GENERAL INFORMATION
fixed length control field 190412t20182007enka b 000 1 eng d
020 ## - INTERNATIONAL STANDARD BOOK NUMBER
International Standard Book Number 9780007236336
Qualifying information (paperback) :
040 ## - CATALOGING SOURCE
Original cataloging agency CHA
Language of cataloging eng
Transcribing agency TAE
Description conventions rda
Modifying agency KH8
042 ## - AUTHENTICATION CODE
Authentication code nbic
082 0# - DEWEY DECIMAL CLASSIFICATION NUMBER
Classification number 823.914 BON
100 1# - MAIN ENTRY--PERSONAL NAME
Personal name Bond, Michael,
Relator term author.
245 10 - TITLE STATEMENT
Title Paddington :
Remainder of title the original story of the bear from darkest Peru /
Statement of responsibility, etc. Michael Bond ; illustrated by R.W. Alley.
246 30 - VARYING FORM OF TITLE
Title proper/short title The original story of the bear from darkest Peru.
264 #1 - PRODUCTION, PUBLICATION, DISTRIBUTION, MANUFACTURE, AND COPYRIGHT NOTICE
Place of production, publication, distribution, manufacture London :
Name of producer, publisher, distributor, manufacturer HarperCollins Children's Books,
Date of production, publication, distribution, manufacture, or copyright notice 2018.
264 #4 - PRODUCTION, PUBLICATION, DISTRIBUTION, MANUFACTURE, AND COPYRIGHT NOTICE
Date of production, publication, distribution, manufacture, or copyright notice ©2007.
300 ## - PHYSICAL DESCRIPTION
Extent 29 unnumbered pages :
Other physical details color illustrations ;
Dimensions 27 cm.
336 ## - CONTENT TYPE
Content type term text
Content type code txt
Source rdacontent.
336 ## - CONTENT TYPE
Content type term still image
Content type code sti
Source rdacontent.
337 ## - MEDIA TYPE
Media type term unmediated
Media type code n
Source rdamedia.
338 ## - CARRIER TYPE
Carrier type term volume
Carrier type code nc
Source rdacarrier.
520 ## - SUMMARY, ETC.
Summary, etc. The classic story of everyone's favourite bear - Paddington! Join Paddington and the Browns as they start their adventures at Paddington Station and relive the much-loved story of this adorable bear!
521 1# - TARGET AUDIENCE NOTE
Target audience note Ages 4-8.
600 #0 - SUBJECT ADDED ENTRY--PERSONAL NAME
Personal name Paddington Bear
Titles and other words associated with a name (Fictitious character)
Form subdivision Pictorial works
-- Juvenile fiction.
650 #0 - SUBJECT ADDED ENTRY--TOPICAL TERM
Topical term or geographic name entry element Travelers
Form subdivision Juvenile fiction.
700 1# - ADDED ENTRY--PERSONAL NAME
Personal name Alley, R. W.,
Dates associated with a name 1955-
Relator term illustrator.
942 ## - ADDED ENTRY ELEMENTS (KOHA)
Source of classification or shelving scheme
Koha item type Books - Fiction
Holdings
Withdrawn status Lost status Source of classification or shelving scheme Damaged status Not for loan Collection code Permanent Location Current Location Shelving location Date acquired Total Checkouts Full call number Barcode Date last seen Date last checked out Price effective from Koha item type
          Fiction KH8 Primary School Library KH8 Primary School Library Non Fiction 2023-06-02 13 823.914 BON KHPL000004201 2026-02-11 2026-02-03 2023-06-02 Books - Fiction

Powered By KH8 IT Dept